000 00509pam a2200157a 44500
008 230515b2020 xxu||||| |||| 00| 0 eng d
020 _aNULL
041 _aENGLISH
082 _a610.0
100 _aMS.USHA
245 _aA STUDY TO ASSESS THE KNOWLEDGE REGARDING IDENTIFICATION AND PREVENTION OF SUICIDE AMONG CARE GIVER OF MENTALLY ILLPATIENT IN SELECTED HEALTH CARE INSTITUTES IN PUNE
250 _a1
260 _a
_bBHARATI VIDYAPEETH DEEMED UNIVERSITY, PUNE,
_c2020
300 _a89
650 _aNULL
999 _c532089
_d532089